000
00298nam a22001337a 4500
003
SGT
020
_a
9788171326938
082
_a
650.14,SRI
100
_a
SRIVASTAVA, SUSHIL KUMAR
245
_a
CAREER INTERVIEWS
260
_a
JAIPUR
_b
POINTER PUBLISHARS
_c
2024
300
_a
213
942
_2
ddc
_c
BK
999
_c
33478
_d
33478